000
00299nam a2200145Ia 4500
100
_a
Paul Hanna
942
_c
BK
654
_a
archieve
245
_a
Believe Achieve
260
_b
Penguin Books
_a
New Delhi
_c
1998
082
_a
650.1/PAU
_b
PAU
300
_a
235
546
_a
ENGLISH
999
_c
31539
_d
31539